|
|
|
|
| LEADER |
00000caa a22000002c 4500 |
| 001 |
1640080813 |
| 003 |
DE-627 |
| 005 |
20220608131039.0 |
| 007 |
tu |
| 008 |
160223s2001 xx ||||| 00| ||eng c |
| 035 |
|
|
|a (DE-627)1640080813
|
| 035 |
|
|
|a (DE-576)456047786
|
| 035 |
|
|
|a (DE-599)BSZ456047786
|
| 040 |
|
|
|a DE-627
|b ger
|c DE-627
|e rakwb
|
| 041 |
|
|
|a eng
|
| 100 |
1 |
|
|a Engel, Robin S.
|0 (DE-588)1067785876
|0 (DE-627)81918490X
|0 (DE-576)281670943
|4 aut
|
| 109 |
|
|
|a Engel, Robin S.
|a Engel, Robin Shepard
|
| 245 |
1 |
0 |
|a Policing mentally disordered suspects: a reexamination of the criminalization hypothesis
|c Robin Shepard Engel, Eric Silver
|
| 264 |
|
1 |
|c 2001
|
| 336 |
|
|
|a Text
|b txt
|2 rdacontent
|
| 337 |
|
|
|a ohne Hilfsmittel zu benutzen
|b n
|2 rdamedia
|
| 338 |
|
|
|a Band
|b nc
|2 rdacarrier
|
| 700 |
1 |
|
|a Silver, Eric
|4 aut
|
| 773 |
0 |
8 |
|i In
|t Criminology
|d Hoboken, NJ : Wiley, 1970
|g 39(2001), 2, Seite 225-252
|w (DE-627)129888508
|w (DE-600)301688-2
|w (DE-576)015191346
|x 0011-1384
|7 nnas
|
| 773 |
1 |
8 |
|g volume:39
|g year:2001
|g number:2
|g pages:225-252
|
| 776 |
1 |
|
|o 10.1111/j.1745-9125.2001.tb00922.x
|
| 935 |
|
|
|a mkri
|
| 951 |
|
|
|a AR
|
| ELC |
|
|
|b 1
|
| LOK |
|
|
|0 000 xxxxxcx a22 zn 4500
|
| LOK |
|
|
|0 001 3301377939
|
| LOK |
|
|
|0 003 DE-627
|
| LOK |
|
|
|0 004 1640080813
|
| LOK |
|
|
|0 005 20250623143553
|
| LOK |
|
|
|0 008 160208||||||||||||||||ger|||||||
|
| LOK |
|
|
|0 040
|a DE-21-110
|c DE-627
|d DE-21-110
|
| LOK |
|
|
|0 689
|a s
|a Polizeiintervention
|
| LOK |
|
|
|0 689
|a s
|a Psychisch Kranke
|
| LOK |
|
|
|0 689
|a s
|a Kriminalisierung
|
| LOK |
|
|
|0 689
|a s
|a Arrest
|
| LOK |
|
|
|0 852
|a DE-21-110
|
| LOK |
|
|
|0 852 1
|m p
|9 00
|
| LOK |
|
|
|0 935
|a k110
|
| LOK |
|
|
|0 938
|k p
|
| LOK |
|
|
|0 939
|a 08-02-16
|b l01
|
| ORI |
|
|
|a SA-MARC-krimdoka001.raw
|